000
00179nam a2200085 4500
001
1258104
005
20260226131828.0
245
_a
YARALI
_c
KAHRAMAN TAZEOĞLU
260
_b
YEDİVEREN
999
_c
1258104
_d
1258104